000 00854cam a22003013a 4500
001 543
003 PGUSA
005 20140828082949.0
008 060121s2006||||xxu|||||s|||||000 1 eng d
040 _aPGUSA
_beng
042 _adc
050 4 _aPS
100 1 _aLewis, Sinclair,
_d1885-1951
245 1 0 _aMain Street
_h[electronic resource] /
_cSinclair Lewis
260 _bProject Gutenberg,
_c2006
506 _aPublic domain in the USA.
516 _aElectronic text
653 _aMarried women -- Fiction
653 _aMinnesota -- Fiction
653 _aCity and town life -- Fiction
653 _aWomen college graduates -- Fiction
653 _aDomestic fiction
653 _aSatire
653 _aPhysicians' spouses -- Fiction
830 0 _aProject Gutenberg
_v543
856 4 0 _uhttp://www.gutenberg.org/ebooks/543
942 _cEB
999 _c229894
_d229894